Biggest cities in California - Click Quiz - Statistics

General Stats
  • This quiz has been taken 25 times
  • The average score is 8 of 10
Answers on the Map
Answers color-coded by a green-red scale on the quiz's map according to % correct below.
 
Answer Stats
Answer % Correct
San Diego
91%
San Francisco
91%
Long Beach
87%
Oakland
87%
Sacramento
83%
Bakersfield
78%
Fresno
78%
San Jose
78%
Anaheim
74%
Los Angeles
48%
No matching quizzes found
Score Distribution
Percent of People with Each Score
Percentile by Number Answered
Your Score History
You have not taken this quiz